000 00489nam a2200157 a 4500
001 5758
003 CDMR
005 20131107141106.0
008 130130s1987||||||||||||||||||||||||eng|d
040 _aCDMR
_bcat
_cCDMR
245 0 _aHandbook for African journalists
_b: by 15 leaders in African journalism
_ccoordinator and co-editor Callix Udofia
260 _bWorld Press Freedom Committee
_aWashington
_ccop. 1987
300 _a121 p.
650 0 4 _94001
_aPeriodisme
_zÀfrica
942 _cMON
_2udc
999 _c5758
_d5758